000 00611nam a2200217 4500
003 URS
005 20220114162510.0
008 020101b xxu||||| |||| 00| 0 eng d
020 _a9714203341
040 _aDML
_cdml
041 _aeng
042 _aDMLUC
050 0 0 _aQH 320 P6
_bB37 2003
245 0 0 _aBasic concepts in biology /
_cGerard L. Penecilla...[et al.].
260 _aBulacan :
_bTrinitas Pub.,
_c2003.
300 _a291[7] pages
_billustrations
650 _aBiology
_xStudy and teaching (Higher)
_zPhilippines.
700 1 _aPenecilla, Gerard L.
942 _2ddc
_cF
999 _c12514
_d12514